LEADER 00868nam0-22003131i-450- 001 990007110550403321 005 20070412141813.0 010 $a88-215-3019-1 035 $a000711055 035 $aFED01000711055 035 $a(Aleph)000711055FED01 035 $a000711055 100 $a20020723d1995----km-y0itay50------ba 101 0 $aita 102 $aIT 200 1 $aStoria dei concili$fR. Aubert, G. Fedalto, D. Quaglioni 210 $aCinisello Balsamo (MI)$cSan Paolo$d1995 215 $a476 p.$d20 cm 225 1 $aStoria della Chiesa-Sussidi$v2 700 1$aAubert,$bRoger$f<1914-2009>$0181814 702 1$aFedalto,$bG. 702 1$aQuaglioni,$bDiego 801 0$aIT$bUNINA$gRICA$2UNIMARC 901 $aBK 912 $a990007110550403321 952 $aIII LL 68$b1103$fDCEC 959 $aDCEC 996 $aStoria dei concili$9704918 997 $aUNINA LEADER 01283nam0 22002651i 450 001 UON00077705 005 20231205102417.754 100 $a20020107d1994 |0itac50 ba 101 $aita 102 $aIT 105 $a|||| ||||| 200 1 $aAfrica occidentale anglofona$eGambia, Ghana, Liberia, Nigeria, Sant'Elena, Sierra Leone, nella Biblioteca della Facoltà di Scienze Politiche dell'Università degli Studi di Napolui "Federico II"$fLiliana Mosca 210 $aNapoli$cUniversità degli Studi di Napoli "Federico II". Facoltà di Scienze Politiche$d1994 215 $a45 p.$d24 cm 606 $aBiblioteche universitarie$xItalia$xCataloghi$3UONC019484$2FI 620 $aIT$dNapoli$3UONL000012 676 $a027.745$cBIBLIOTECHE UNIVERSITARIE - Italia$v21 700 1$aMOSCA$bLiliana$3UONV044930$0232344 712 $aUniversità degli studi di Napoli Federico II$3UONV269100$4650 801 $aIT$bSOL$c20260313$gRICA 899 $aSIBA - SISTEMA BIBLIOTECARIO DI ATENEO E ARCHIVIO STORICO$2UONSI 912 $aUON00077705 950 $aSIBA - SISTEMA BIBLIOTECARIO DI ATENEO E ARCHIVIO STORICO$dSI ST Bibl 103 $eSI AA 18221 5 103 996 $aAfrica occidentale anglofona$9633665 997 $aUNIOR